Parques públicos de bolsillo / (Record no. 11650)

MARC details
000 -CABECERA
campo de control de longitud fija 01282nam a2200277 4500
003 - IDENTIFICADOR DEL NÚMERO DE CONTROL
campo de control OSt
005 - FECHA Y HORA DE LA ÚLTIMA TRANSACCIÓN
campo de control 20260530113857.0
008 - DATOS DE LONGITUD FIJA--INFORMACIÓN GENERAL
campo de control de longitud fija 260508b mx ||||| |||| 00| 0 spa d
040 ## - FUENTE DE LA CATALOGACIÓN
Centro catalogador/agencia de origen ICI
Lengua de catalogación SPA
Centro/agencia transcriptor ICI
050 ## - SIGNATURA TOPOGRÁFICA DE LA BIBLIOTECA DEL CONGRESO
Número de clasificación HT166
Número de documento/Ítem .P37
110 ## - ENTRADA PRINCIPAL--NOMBRE DE ENTIDAD CORPORATIVA
Nombre de entidad corporativa o nombre de jurisdicción como elemento de entrada Ciudad de México (México)
Unidad subordinada Secretaría de Desarrollo Urbano y Vivienda.
9 (RLIN) 31833
245 10 - MENCIÓN DE TÍTULO
Título Parques públicos de bolsillo /
Mención de responsabilidad, etc. Gobierno de la Ciudad de México, Secretaría de Desarrollo Urbano y Vivienda, Autoridad del Espacio Público.
264 #1 - PRODUCCIÓN, PUBLICACIÓN, DISTRIBUCIÓN, FABRICACIÓN Y COPYRIGHT
Producción, publicación, distribución, fabricación y copyright Ciudad de México :
Nombre del de productor, editor, distribuidor, fabricante Gobierno de la Ciudad de México,
Fecha de producción, publicación, distribución, fabricación o copyright [20--]
300 ## - DESCRIPCIÓN FÍSICA
Extensión 94 páginas
Otras características físicas ilustraciones a color
336 ## - TIPO DE CONTENIDO
Término de tipo de contenido texto
Fuente rdacontent
337 ## - TIPO DE MEDIO
Nombre/término del tipo de medio sin medio
Fuente rdamedia
338 ## - TIPO DE SOPORTE
Nombre/término del tipo de soporte volumen
Fuente rdacarrier
500 ## - NOTA GENERAL
Nota general Publicación institucional sobre el desarrollo y rehabilitación de parques públicos de bolsillo en la Ciudad de México.
650 ## - PUNTO DE ACCESO ADICIONAL DE MATERIA--TÉRMINO DE MATERIA
Término de materia o nombre geográfico como elemento de entrada Parques urbanos
Subdivisión geográfica Ciudad de México.
9 (RLIN) 31834
650 ## - PUNTO DE ACCESO ADICIONAL DE MATERIA--TÉRMINO DE MATERIA
Término de materia o nombre geográfico como elemento de entrada Espacios públicos
Subdivisión general Planeación
Subdivisión geográfica Ciudad de México.
9 (RLIN) 31835
650 ## - PUNTO DE ACCESO ADICIONAL DE MATERIA--TÉRMINO DE MATERIA
Término de materia o nombre geográfico como elemento de entrada Urbanismo
Subdivisión general Aspectos sociales
Subdivisión geográfica Ciudad de México.
9 (RLIN) 31836
650 ## - PUNTO DE ACCESO ADICIONAL DE MATERIA--TÉRMINO DE MATERIA
Término de materia o nombre geográfico como elemento de entrada Renovación urbana
Subdivisión geográfica Ciudad de México.
9 (RLIN) 31837
650 ## - PUNTO DE ACCESO ADICIONAL DE MATERIA--TÉRMINO DE MATERIA
Término de materia o nombre geográfico como elemento de entrada Paisajismo urbano
Subdivisión geográfica Ciudad de México.
9 (RLIN) 31838
710 ## - PUNTO DE ACCESO ADICIONAL--NOMBRE DE ENTIDAD CORPORATIVA
Nombre de entidad corporativa o nombre de jurisdicción como elemento de entrada Ciudad de México (México)
Unidad subordinada Autoridad del Espacio Público
9 (RLIN) 31839
942 ## - ELEMENTOS DE PUNTO DE ACCESO ADICIONAL (KOHA)
Fuente del sistema de clasificación o colocación Library of Congress Classification
Tipo de ítem Koha
Suprimir en OPAC 1

No items available.